|
|
|
|
| LEADER |
00000cam a2200000 7i4500 |
| 001 |
0000049600 |
| 005 |
20220105104153.0 |
| 008 |
150701 |
| 020 |
|
|
|a 043116309x
|
| 020 |
|
|
|a 9780431163093
|
| 090 |
0 |
0 |
|a ANM
|b ENG
|
| 100 |
1 |
|
|a Hughes, Monica
|
| 245 |
1 |
0 |
|a Snails
|c Monica Hughes
|
| 260 |
|
|
|a Great Britain :
|b Heinemann Library ,
|c 2002
|
| 300 |
|
|
|a 24pg. ;
|c ol. ill.
|
| 490 |
1 |
|
|a Creepy creatures
|
| 500 |
|
|
|a Children age 4-6 years old (yellow)
|
| 650 |
|
0 |
|a Snails
|x Pictorial works
|x Juvenile literature
|
| 999 |
|
|
|a 0000898435
|b Book
|c Children Collection
|e Cawangan Tmn. Ungku Tun Aminah
|
| 999 |
|
|
|a 0000898436
|b Book
|c Children Collection
|e Cawangan Tmn. Ungku Tun Aminah
|
| 999 |
|
|
|a 0000898437
|b Book
|c Children Collection
|e Cawangan Tmn. Ungku Tun Aminah
|
| 999 |
|
|
|a 0000898442
|b Book
|c Children Collection
|e Cawangan Pontian
|
| 999 |
|
|
|a 0000898443
|b Book
|c Children Collection
|e Cawangan Pontian
|
| 999 |
|
|
|a 0000898444
|b Book
|c Children Collection
|e Cawangan Pontian
|
| 999 |
|
|
|a 0000898445
|b Book
|c Children Collection
|e Cawangan Pontian
|
| 999 |
|
|
|a 0000898455
|b Book
|c Children Collection
|e Cawangan Segamat
|
| 999 |
|
|
|a 0000898456
|b Book
|c Children Collection
|e Cawangan Segamat
|
| 999 |
|
|
|a 0000898457
|b Book
|c Children Collection
|e Cawangan Segamat
|
| 999 |
|
|
|a 0000898458
|b Book
|c Children Collection
|e Cawangan Segamat
|
| 999 |
|
|
|a 0000898467
|b Book
|c Children Collection
|e Cawangan Tangkak
|
| 999 |
|
|
|a 0000898469
|b Book
|c Children Collection
|e Cawangan Bandar Penawar
|
| 999 |
|
|
|a 0000898470
|b Book
|c Children Collection
|e Cawangan Bandar Penawar
|
| 999 |
|
|
|a 0000898471
|b Book
|c Children Collection
|e Cawangan Bandar Penawar
|
| 999 |
|
|
|a 0000898472
|b Book
|c Children Collection
|e Cawangan Bandar Penawar
|
| 999 |
|
|
|a 0000898473
|b Book
|c Children Collection
|e Cawangan Bandar Penawar
|
| 999 |
|
|
|a 0000898476
|b Book
|c Children Collection
|e Cawangan Kota Tinggi
|
| 999 |
|
|
|a 0000898477
|b Book
|c Children Collection
|e Cawangan Kota Tinggi
|
| 999 |
|
|
|a 0000898478
|b Book
|c Children Collection
|e Cawangan Kota Tinggi
|
| 999 |
|
|
|a 0000925354
|b Book
|c Children Collection
|e Cawangan Bukit Gambir
|
| 999 |
|
|
|a 0000938148
|b Book
|c Children Collection
|e Cawangan Tangkak
|
| 999 |
|
|
|a 000898446
|b Book
|c Children Collection
|e Cawangan Batu Pahat
|
| 999 |
|
|
|a 000898447
|b Book
|c Children Collection
|e Cawangan Batu Pahat
|
| 999 |
|
|
|a 000898448
|b Book
|c Children Collection
|e Cawangan Batu Pahat
|
| 999 |
|
|
|a 000898449
|b Book
|c Children Collection
|e Cawangan Batu Pahat
|